[Event "Berlin Lieb Memorial 5th"]
[Site "Berlin"]
[Date "2019.05.03"]
[Round "1"]
[White "Helling, Bernd"]
[Black "Godoj, Veit"]
[Result "0-1"]
[WhiteElo "1565"]
[BlackElo "1995"]
[PlyCount "46"]
[EventDate "2019.05.03"]
[EventType "swiss"]
[EventRounds "7"]
[EventCountry "GER"]
[SourceTitle "EXT 2020"]
[Source "ChessBase"]
[SourceDate "2019.10.17"]
[SourceVersion "1"]
[SourceVersionDate "2019.10.17"]
[SourceQuality "1"]

1. e4 c6 2. d4 d5 3. e5 c5 4. Nf3 cxd4 5. Nxd4 e6 6. Bb5+ Bd7 7. Qf3 Nc6 8. Nxc6 bxc6 9. Ba4 Qa5+ 10. Nc3 Bb4 11. Qg3 g6 12. Bxc6 Bxc6 13. 0-0 Bxc3 14. bxc3 h6 15. Bd2 Ne7 16. Qf4 Qd8 17. Rfd1 Nf5 18. c4 Qh4 19. g4 g5 20. Qf3 Nd4 21. Qg2 dxc4 22. f3 Nxf3+ 23. Kh1 Nxe5 0-1

[Event "Berlin Lieb Memorial 4th"]
[Site "Berlin"]
[Date "2018.06.29"]
[Round "7"]
[White "Helling, Bernd"]
[Black "Korell, Klaus Peter"]
[Result "0-1"]
[WhiteElo "1521"]
[BlackElo "1851"]
[PlyCount "52"]
[EventDate "2018.05.17"]
[EventType "swiss"]
[EventRounds "7"]
[EventCountry "GER"]
[SourceTitle "CBM 189 Extra"]
[Source "ChessBase"]
[SourceDate "2019.06.03"]
[SourceVersion "1"]
[SourceVersionDate "2019.06.03"]
[SourceQuality "1"]

1. e4 e6 2. d4 d5 3. Nd2 c5 4. c3 cxd4 5. cxd4 Nc6 6. Bb5 Qb6 7. exd5 exd5 8. Qe2+ Be7 9. Ngf3 Bd7 10. Nb3 a6 11. Ba4 Qb4+ 12. Bd2 Qxa4 13. Nc5 Qb5 14. Qxb5 axb5 15. Nxb7 Nf6 16. 0-0 0-0 17. Nc5 Nxd4 18. Nxd4 Bxc5 19. Bc3 b4 20. Nb3 bxc3 21. Nxc5 cxb2 22. Rab1 Bb5 23. Rfd1 Rxa2 24. Rd2 Rfa8 25. Nb3 Bc4 26. Rbxb2 Ra1+ 0-1

[Event "Berlin Lieb Memorial 4th"]
[Site "Berlin"]
[Date "2018.06.28"]
[Round "6"]
[White "Kumar, Amod"]
[Black "Helling, Bernd"]
[Result "0-1"]
[WhiteElo "1743"]
[BlackElo "1521"]
[PlyCount "86"]
[EventDate "2018.05.17"]
[EventType "swiss"]
[EventRounds "7"]
[EventCountry "GER"]
[SourceTitle "CBM 189 Extra"]
[Source "ChessBase"]
[SourceDate "2019.06.03"]
[SourceVersion "1"]
[SourceVersionDate "2019.06.03"]
[SourceQuality "1"]

1. e4 e6 2. f4 d5 3. Nf3 dxe4 4. Ng5 Nf6 5. Nc3 e3 6. d4 Bb4 7. Bxe3 Nd5 8. Bd2 Bxc3 9. bxc3 Nc6 10. Qh5 Qe7 11. Nxh7 Kd8 12. Bd3 g6 13. Qf3 Rxh7 14. Rb1 Qa3 15. 0-0 Nxc3 16. Rb3 Nxd4 17. Rxa3 Nxf3+ 18. Rxf3 Nb1 19. Ra4 Nxd2 20. Rf2 Nb1 21. c4 Bd7 22. Rb4 Nc3 23. Rc2 Na4 24. c5 Rh5 25. Bb5 Bxb5 26. Rxb5 b6 27. g4 Rxc5 28. Rd2+ Ke7 29. Rb4 Nc3 30. Rf2 Rd8 31. Rb3 Ne4 32. Re2 Rd1+ 33. Kg2 Rd2 34. Kf3 Rxe2 35. Kxe2 Nc3+ 36. Kd3 Nxa2 37. Ke4 Nc3+ 38. Kf3 Nd5 39. Rb2 Rc4 40. f5 exf5 41. gxf5 Rf4+ 42. Kg3 Rxf5 43. h4 a5 0-1

[Event "Berlin Lieb Memorial 4th"]
[Site "Berlin"]
[Date "2018.05.17"]
[Round "1"]
[White "Helling, Bernd"]
[Black "Brunk, Dirk"]
[Result "0-1"]
[WhiteElo "1521"]
[BlackElo "1982"]
[PlyCount "59"]
[EventDate "2018.05.17"]
[EventType "swiss"]
[EventRounds "7"]
[EventCountry "GER"]
[SourceTitle "CBM 189 Extra"]
[Source "ChessBase"]
[SourceDate "2019.06.03"]
[SourceVersion "1"]
[SourceVersionDate "2019.06.03"]
[SourceQuality "1"]

1. e4 c5 2. Nf3 e6 3. d4 cxd4 4. Nxd4 Qb6 5. b3 Bc5 6. Be3 Nc6 7. c3 Nf6 8. Qd3 Ne5 9. Qc2 Neg4 10. Qd3 Nxe3 11. fxe3 0-0 12. Be2 e5 13. Nf5 g6 14. b4 gxf5 15. bxc5 Qb2 16. 0-0 Nxe4 17. Rxf5 d5 18. Rxe5 Qxa1 19. Rxd5 Nxc3 20. Rg5+ Kh8 21. Qxc3+ Qxc3 22. Nxc3 Be6 23. Bf3 f6 24. Rh5 Bf7 25. Rh6 Kg7 26. Rh4 Rac8 27. Rg4+ Kh8 28. Bxb7 Rxc5 29. Ne4 Rc1+ 30. Kf2 0-1